| 000 | 00370nam a2200145Ia 4500 | ||
|---|---|---|---|
| 008 | 191111s9999 xx 000 0 und d | ||
| 020 | _a9781474225281 | ||
| 100 | _aAmbrose, Gavin. | ||
| 245 |
_cGavin Ambrose.-- _aTypography / |
||
| 250 | _a2nd ed | ||
| 260 |
_aUSA : _bBloomsburry _c2017 |
||
| 300 | _a200 pages. | ||
| 650 | _aGraphic arts | ||
| 650 | _aGraphic design | ||
| 999 |
_c362628 _d362628 |
||